000
00206nam a22000857a 4500
008
170527b xxu||||| |||| 00| 0 eng d
100
_9
3150
_a
NCERT
245
_a
World History-XI
260
_a
New Delhi
_b
NCERT
_c
2006
999
_c
6441
_d
6441